000 00679cam a22001934a 4500
005 20250605164215.0
008 250528s ||||||||||||||||||||||||d
035 _a20426
020 _a415046130
040 _aGR-AtMCL
_bgre
_dGR-AtMCL
_eAACR2
245 1 _aA Theory of Literary Production
260 _bRouledge,
_c1992
300 _a326
520 _aThis book represents a development of Althusser's account of the relationship between literature and ideology. Preface, Acknowledgements, Some Elementary Concepts, Some Critics, Some Works, Lenin's Articles on Tolstoy, Index.
700 1 _aMacherey Pierre
_96410
942 _cBK
999 _c5535
_d5535